<?xml version="1.0" encoding="UTF-8"?>
<record
    xmlns:xsi="http://www.w3.org/2001/XMLSchema-instance"
    xsi:schemaLocation="http://www.loc.gov/MARC21/slim http://www.loc.gov/standards/marcxml/schema/MARC21slim.xsd"
    xmlns="http://www.loc.gov/MARC21/slim">

  <leader>01983nam a22003137a 4500</leader>
  <datafield tag="999" ind1=" " ind2=" ">
    <subfield code="c">22114</subfield>
    <subfield code="d">22114</subfield>
  </datafield>
  <controlfield tag="003">AR-CdUCM</controlfield>
  <controlfield tag="008">190429b           ||||| |||| 00| 0 spa d</controlfield>
  <datafield tag="040" ind1=" " ind2=" ">
    <subfield code="a">MUNICIPALIDAD PROVINCIAL DEL CUSCO</subfield>
    <subfield code="c">BIBLIOTECA MUNICIPAL DEL CUSCO</subfield>
  </datafield>
  <datafield tag="082" ind1=" " ind2=" ">
    <subfield code="a">Cuzco/N&#xB0;1/1941</subfield>
  </datafield>
  <datafield tag="245" ind1=" " ind2=" ">
    <subfield code="a">Revista Cuzco :</subfield>
    <subfield code="b">publicaci&#xF3;n mensual /</subfield>
    <subfield code="c">&#xC1;ngel G. Appiani S. director y fundador</subfield>
  </datafield>
  <datafield tag="260" ind1=" " ind2=" ">
    <subfield code="a">Cuzco :</subfield>
    <subfield code="b">H.G. Rozas,</subfield>
    <subfield code="c">1941.</subfield>
  </datafield>
  <datafield tag="300" ind1=" " ind2=" ">
    <subfield code="a">40 p&#xE1;ginas. :</subfield>
    <subfield code="b">ilustraciones ;</subfield>
    <subfield code="c">34 cm.</subfield>
  </datafield>
  <datafield tag="440" ind1=" " ind2=" ">
    <subfield code="a">Cuzco revista mensual.</subfield>
    <subfield code="n">A&#xF1;o I, N&#xB0;1, junio 1941.</subfield>
    <subfield code="9">47466</subfield>
  </datafield>
  <datafield tag="505" ind1=" " ind2=" ">
    <subfield code="a">Contenido: El Cuzco. Carlos Parra del Riego. -- Esclarecimiento del problema del indio. Carlos Ferdinand Cuadros. -- La historia hispanoamericana como proceso dial&#xE9;ctico. Uriel Garc&#xED;a. -- Las ruinas de Tip&#xF3;n o Muina. V&#xED;ctor Guillen. -- Breve resumen de la fundaci&#xF3;n del Cuzco y algunos palacios del mismo. &#xC1;ngel Appiani. -- Apuntes para la historia del Cusco. Jos&#xE9; Gabriel Cosio. -- La inevitable sombra. Luis Nieto. -- Una poetisa cuzque&#xF1;a. Delia Vidal. -- A Cesar Vallejo. Rafael Aguilar. -- Homenaje al Cuzco, Armas del Cuzco, El robador de tejas de Nicola. Eustaquio Kallata. -- La conciencia de clase unidad de los trabajadores. Jos&#xE9; Lira. -- La curaci&#xF3;n por los colores. Te&#xF3;filo Luna Ochoa. -- El funcionalismo en Arquitectura. Oscar Ladr&#xF3;n de Guevara Avil&#xE9;s. -- Ensayo de una &#xE9;tica de las actividades. Antonio Astete Abril. -- Provincias del Cuzco. Urubamba. Willy Rozas Navarro.</subfield>
  </datafield>
  <datafield tag="650" ind1=" " ind2=" ">
    <subfield code="a">Historia del Cusco</subfield>
    <subfield code="9">1714</subfield>
  </datafield>
  <datafield tag="650" ind1=" " ind2=" ">
    <subfield code="a">Literatura cusque&#xF1;a</subfield>
    <subfield code="9">47467</subfield>
  </datafield>
  <datafield tag="650" ind1=" " ind2=" ">
    <subfield code="a">Poes&#xED;a cusque&#xF1;a</subfield>
    <subfield code="9">2323</subfield>
  </datafield>
  <datafield tag="650" ind1=" " ind2=" ">
    <subfield code="a">Arquitectura</subfield>
    <subfield code="9">3356</subfield>
  </datafield>
  <datafield tag="650" ind1=" " ind2=" ">
    <subfield code="a">Siglo XX</subfield>
    <subfield code="9">47468</subfield>
  </datafield>
  <datafield tag="700" ind1=" " ind2=" ">
    <subfield code="a">Garc&#xED;a, Jos&#xE9; Uriel</subfield>
    <subfield code="9">3684</subfield>
  </datafield>
  <datafield tag="700" ind1=" " ind2=" ">
    <subfield code="a">Cuadros, Carlos Ferdinand</subfield>
    <subfield code="9">29707</subfield>
  </datafield>
  <datafield tag="700" ind1=" " ind2=" ">
    <subfield code="a">Guillen, V&#xED;ctor</subfield>
    <subfield code="9">45908</subfield>
  </datafield>
  <datafield tag="700" ind1=" " ind2=" ">
    <subfield code="a">Appiani, &#xC1;ngel</subfield>
    <subfield code="9">47469</subfield>
  </datafield>
  <datafield tag="700" ind1=" " ind2=" ">
    <subfield code="a">Cosio, Jos&#xE9; Gabriel</subfield>
    <subfield code="9">11720</subfield>
  </datafield>
  <datafield tag="700" ind1=" " ind2=" ">
    <subfield code="a">Nieto Mirando, Luis</subfield>
    <subfield code="9">46131</subfield>
  </datafield>
  <datafield tag="700" ind1=" " ind2=" ">
    <subfield code="a">Ladr&#xF3;n de Guevara Avil&#xE9;s, Oscar</subfield>
    <subfield code="9">46572</subfield>
  </datafield>
  <datafield tag="942" ind1=" " ind2=" ">
    <subfield code="2">ddc</subfield>
    <subfield code="c">PP</subfield>
  </datafield>
  <datafield tag="945" ind1=" " ind2=" ">
    <subfield code="a">rac</subfield>
  </datafield>
  <datafield tag="952" ind1=" " ind2=" ">
    <subfield code="0">0</subfield>
    <subfield code="2">ddc</subfield>
    <subfield code="4">0</subfield>
    <subfield code="7">0</subfield>
    <subfield code="a">HEM</subfield>
    <subfield code="b">HEM</subfield>
    <subfield code="c">CART</subfield>
    <subfield code="d">2022-03-07</subfield>
    <subfield code="g">10.00</subfield>
    <subfield code="o">Cuzco/N&#xB0;1/1941</subfield>
    <subfield code="p">REVC000852</subfield>
    <subfield code="r">2022-03-07</subfield>
    <subfield code="y">PP</subfield>
  </datafield>
</record>
